000 01163nam a2200277Ia 4500
001 8310
003 GE_BSU
008 181216s||||||||xx |||||||||||||| ||und||
020 _a9789941177088.
040 _cGE_BSU
080 _a366.1+339.138
100 _aთოდუა,ნუგზარ.
245 _aსაქართველოს ბაზარზე მომხმარებელთა ქცევის მარკეტინგული კვლევა:Marketing research of consumer rehavior in georgian market.
245 _bმონოგრაფია.
245 _cრედ:ქ.მარშავა.
250 _aივ.ჯავახიშვილის თსუ,მარკეტინგის კათედრა.
260 _aთბილისი.
260 _bუნივერსალი.
260 _c2012.
300 _a328გვ;ცხრ;ნახ;20სმ.
300 _bრეზ.ინგლ.
300 _eბიბლიოგრ:გვ.291-310.
541 _h20ლ.
653 _aმომხმარებელთა ქცევა; მარკეტინგი
942 _cBK
999 _c41641
_d41641